[Event "Mechanics' Winter TNM; 30/90, SD/30"]
[Site "San Francisco"]
[Date "2013.02.12"]
[Round "6.11"]
[White "Morton, Adam"]
[Black "Palmeri, Ralph"]
[Result "1-0"]
[WhiteElo "1989"]
[BlackElo "1715"]
[PlyCount "81"]
[EventDate "2013.??.??"]

1. d4 d5 2. c4 c6 3. Nc3 Nf6 4. e3 g6 5. Nf3 Bg7 6. Bd3 e6 7. O-O Nbd7 8. Qe2
O-O 9. Rd1 Qe7 10. e4 dxe4 11. Nxe4 Re8 12. Bg5 Qf8 13. Bf4 Nxe4 14. Bxe4 c5
15. Ne5 cxd4 16. Nxd7 Bxd7 17. Bxb7 e5 18. Bg3 Rab8 19. Bd5 Kh8 20. f3 f5 21.
a3 a5 22. Qd2 Qc5 23. b4 axb4 24. axb4 Rxb4 25. Bf2 Reb8 26. Ra2 Bc6 27. Bxc6
Qxc6 28. f4 Rxc4 29. fxe5 Rd8 30. Bh4 Rd7 31. e6 Rc7 32. e7 Rc8 33. Re1 Re8 34.
Qd3 Rc1 35. Rae2 Rc3 36. Qd2 d3 37. Re6 Qc5+ 38. Kh1 Qc4 39. Bf6 Rc2 40. Qh6
Bxf6 41. Qf8+ 1-0

[Event "Mechanics' Neil Falconer TNM; 30/90, SD"]
[Site "San Francisco"]
[Date "2013.10.01"]
[Round "9.17"]
[White "Morton, Adam"]
[Black "Rakonitz, David"]
[Result "1-0"]
[WhiteElo "2033"]
[BlackElo "1527"]
[PlyCount "127"]
[EventDate "2013.??.??"]

1. d4 Nf6 2. c4 e6 3. Nf3 b6 4. a3 Bb7 5. Nc3 d5 6. cxd5 Nxd5 7. e3 Be7 8. Bb5+
c6 9. Bd3 O-O 10. e4 Nxc3 11. bxc3 c5 12. O-O Nc6 13. Bb2 Rc8 14. Qe2 Qc7 15.
Rac1 Rfe8 16. Rfe1 Qf4 17. Qe3 Qxe3 18. fxe3 Rc7 19. c4 Bf6 20. e5 Be7 21. Be4
Nxe5 22. Bxb7 Nd3 23. Be4 Nxb2 24. Rc2 Na4 25. d5 Bf6 26. Rec1 Rd7 27. g4 g6
28. g5 Bg7 29. Nd2 Ree7 30. Kf2 Kf8 31. Bf3 exd5 32. cxd5 Nb2 33. Be4 Rd8 34.
Rb1 Na4 35. Rb3 f5 36. Bf3 Red7 37. Nc4 Rb8 38. d6 Nc3 39. Rbxc3 Bxc3 40. Rxc3
Rdd8 41. a4 a6 42. Bc6 b5 43. axb5 axb5 44. Ne5 Rxd6 45. Nd7+ Rxd7 46. Bxd7 c4
47. Ke1 Ke7 48. Bc6 Kd6 49. Bf3 Kc5 50. Be2 Re8 51. Kd2 Re7 52. Rc1 Ra7 53. Rc2
Rd7+ 54. Kc1 Ra7 55. Kb2 Re7 56. Rc3 Re4 57. Bf3 Rh4 58. Rc2 Rh3 59. Rf2 Kb4
60. Bd5 Rxe3 61. Bg8 c3+ 62. Kc2 Kc5 63. Bxh7 b4 64. Bxg6 1-0

[Event "Mechanics' Spring TNM; 30/90, SD/30"]
[Site "San Francisco"]
[Date "2013.04.30"]
[Round "7.6"]
[White "Morton, Adam"]
[Black "Rumph, Todd"]
[Result "0-1"]
[WhiteElo "2010"]
[BlackElo "2200"]
[PlyCount "102"]
[EventDate "2013.??.??"]

1. d4 Nf6 2. c4 e6 3. Nf3 d5 4. g3 dxc4 5. Bg2 c5 6. O-O Nc6 7. Qc2 Bd7 8. Qxc4
b5 9. Qd3 Rc8 10. e4 cxd4 11. Nxd4 Nxd4 12. Qxd4 Bc5 13. Qd3 Qb6 14. Nd2 O-O
15. Nb3 b4 16. Qf3 Be7 17. Be3 Qb8 18. Qe2 Bb5 19. Qf3 Bxf1 20. Bxf1 Qb7 21.
Bd3 Rfd8 22. Bd4 Nd7 23. Qe2 Rc7 24. Na5 Qa8 25. Nc4 Bc5 26. Be5 Nxe5 27. Nxe5
Bd4 28. Nc4 e5 29. h4 Qc8 30. Kg2 Qe6 31. Rh1 Qf6 32. Rb1 Qxf2+ 33. Qxf2 Bxf2
34. Nxe5 Bd4 35. Nc4 Rc6 36. b3 Rf6 37. Rf1 Rxf1 38. Kxf1 g6 39. Ke2 Re8 40.
Kf3 Re6 41. Ne3 Rf6+ 42. Ke2 Kg7 43. Bc4 h5 44. Kd3 Bc5 45. Ke2 Bxe3 46. Kxe3
Rd6 47. Ke2 Kf6 48. e5+ Kxe5 49. Bxf7 Ra6 50. Kd3 Kf6 51. Be8 Rxa2 0-1

[Event "Mechanics' Winter TNM; 30/90, SD/30"]
[Site "San Francisco"]
[Date "2013.02.26"]
[Round "8.11"]
[White "Morton, Adam"]
[Black "Sherwood, Peter"]
[Result "1-0"]
[WhiteElo "1989"]
[BlackElo "1812"]
[PlyCount "61"]
[EventDate "2013.??.??"]

1. d4 d5 2. c4 dxc4 3. e4 e5 4. Nf3 exd4 5. Bxc4 Nc6 6. O-O Bc5 $2 7. Ng5 Ne5
8. Bxf7+ Nxf7 9. Nxf7 Kxf7 10. Qh5+ g6 11. Qxc5 Be6 12. Rd1 d3 13. Qc3 Nf6 14.
f3 c6 15. Rxd3 Qc7 16. Bg5 Nd7 17. Na3 h6 18. Be3 Rac8 19. Nc4 Rcg8 20. Rad1 b6
21. Rxd7+ Bxd7 22. Rxd7+ Qxd7 23. Ne5+ Ke6 24. Nxd7 Kxd7 25. Qd2+ Ke6 26. Qc1
c5 27. Bxh6 Rd8 28. Bg5 Rd7 29. Qc4+ Kd6 30. Qd5+ Kc7 31. Qe5+ 1-0

[Event "Mechanics' Fall TNM; 30/90, SD/30"]
[Site "San Francisco"]
[Date "2013.12.03"]
[Round "7.12"]
[White "Morton, Adam"]
[Black "Solomonik, Edgar"]
[Result "1-0"]
[WhiteElo "2033"]
[BlackElo "1806"]
[PlyCount "47"]
[EventDate "2013.??.??"]

1. d4 c6 2. c4 d5 3. Nc3 Nf6 4. e3 e6 5. Nf3 Nbd7 6. Qc2 Be7 7. g4 h6 8. Bd2 e5
9. cxd5 cxd5 10. dxe5 Nxg4 11. e6 Nde5 12. exf7+ Kxf7 13. Nxe5+ Nxe5 14. O-O-O
Bg4 15. Be2 Bxe2 16. Nxe2 Qd7 17. Bc3 Rhc8 18. Nf4 Rc5 19. Kb1 Rac8 20. Rhg1
Bf6 21. Nh5 Rxc3 22. bxc3 Nc4 23. Nxf6 gxf6 24. Qh7+ 1-0

[Event "Mechanics' Fall TNM; 30/90, SD/30"]
[Site "San Francisco"]
[Date "2013.11.26"]
[Round "6.6"]
[White "Morton, Adam"]
[Black "Todortsev, Victor"]
[Result "0-1"]
[WhiteElo "2033"]
[BlackElo "1932"]
[Annotator "Winslow,Elliott C"]
[PlyCount "77"]
[EventDate "2013.??.??"]

1. e4 c5 2. c3 Nf6 3. e5 Nd5 4. d4 e6 5. Nf3 Nc6 6. Bc4 d6 7. O-O dxe5 8. Nxe5
Nxe5 9. dxe5 Be7 10. Bb5+ Bd7 11. Bxd7+ Qxd7 12. c4 Nb4 13. Qxd7+ Kxd7 14. Na3
a6 15. Bd2 Kc6 16. Bxb4 cxb4 17. Nc2 Rhd8 18. Rfd1 Bc5 19. Kf1 b5 20. cxb5+
Kxb5 21. b3 Rac8 22. Ne1 (22. Rxd8 Rxd8 23. Ke2 Bxf2 24. a4+ Ka5 25. Rf1 $11)
22... Bd4 $19 23. Rac1 Bxe5 24. Rxc8 Rxd1 25. Ke2 Ra1 26. Rc2 a5 27. Nf3 Bf6
28. Nd2 a4 29. g3 Bc3 30. Ne4 axb3 31. Nxc3+ $2 (31. axb3 $17 Bd4) 31... bxc3
32. axb3 (32. Rxc3 Rxa2+ 33. Kd3 Kb4 34. Rc4+ Ka3) 32... Kb4 33. Kd3 Rd1+ 34.
Ke2 Rb1 35. Kd3 Rd1+ 36. Ke2 Rd5 37. Rc1 Kxb3 38. Rxc3+ Kxc3 39. Kf1 0-1

[Event "Mechanics' Spring TNM; 30/90, SD/30"]
[Site "San Francisco"]
[Date "2013.04.02"]
[Round "3.1"]
[White "Morton, Adam"]
[Black "Winslow, Elliott"]
[Result "1/2-1/2"]
[WhiteElo "2010"]
[BlackElo "2319"]
[PlyCount "43"]
[EventDate "2013.??.??"]

1. d4 Nf6 2. c4 g6 3. Nc3 d5 4. cxd5 Nxd5 5. Bd2 Nb6 6. Nf3 Bg7 7. Bf4 c5 8.
dxc5 Bxc3+ 9. bxc3 Qxd1+ 10. Rxd1 N6d7 11. Bh6 Nxc5 12. Nd4 Bd7 13. f3 Ba4 14.
Rd2 Nbd7 15. e4 O-O-O 16. Bc4 e6 17. O-O Nb6 18. Be2 e5 19. Nb5 Bxb5 20. Bxb5
a6 21. Be2 Rxd2 22. Bxd2 1/2-1/2

[Event "Mechanics' Neil Falconer TNM; 30/90, SD"]
[Site "San Francisco"]
[Date "2013.09.10"]
[Round "6.25"]
[White "Muller, Raymond"]
[Black "Bachseitz, Martin"]
[Result "0-1"]
[WhiteElo "1402"]
[BlackElo "1631"]
[PlyCount "126"]
[EventDate "2013.??.??"]

1. e4 c5 2. c3 d5 3. exd5 Qxd5 4. d4 Nf6 5. Nf3 Bg4 6. Be2 e6 7. O-O Nc6 8. Be3
cxd4 9. cxd4 Be7 10. Nc3 Qd6 11. Nb5 Qd8 12. Bf4 Nd5 13. Bg3 a6 14. Nc3 O-O 15.
Ne5 Bxe2 16. Qxe2 Nxd4 17. Qe4 Nf5 18. Nxd5 Qxd5 19. Qxd5 exd5 20. Nd7 Rfd8 21.
Nb6 Nxg3 22. hxg3 Rab8 23. Rfd1 d4 24. Rac1 Bf6 25. Rc7 Be5 26. Re7 Bd6 27. Re4
Bc5 28. Na4 Ba7 29. b4 Kf8 30. Nc5 Bxc5 31. bxc5 Rbc8 32. Rexd4 Rxd4 33. Rxd4
Rxc5 34. Rd7 Rc1+ 35. Kh2 Rb1 36. Kh3 Rb2 37. f4 b5 38. a3 Rb3 39. Kg4 Rxa3 40.
Rc7 b4 41. Kf5 Ra5+ 42. Ke4 Rb5 43. Rc8+ Ke7 44. Rc7+ Kd6 45. Rc2 f5+ 46. Ke3
Rc5 47. Rd2+ Rd5 48. Rb2 a5 49. Rb3 Kc5 50. Rb2 a4 51. Rc2+ Kb6 52. Rc8 Kb7 53.
Rc4 Rb5 54. Kd2 a3 55. Kc2 b3+ 56. Kb1 b2 57. Ra4 Rb3 58. g4 fxg4 59. Ra5 Rc3
60. Rb5+ Kc6 61. Rb8 Rc1+ 62. Ka2 Ra1+ 63. Kb3 b1=Q+ 0-1

[Event "Mechanics' Neil Falconer TNM; 30/90, SD"]
[Site "San Francisco"]
[Date "2013.09.10"]
[Round "6.19"]
[White "Muller, Raymond"]
[Black "Bachseitz, Martin"]
[Result "0-1"]
[WhiteElo "1402"]
[BlackElo "1631"]
[PlyCount "76"]
[EventDate "2013.??.??"]

1. e4 c5 2. Nf3 Nc6 3. c3 d6 4. d4 cxd4 5. cxd4 a6 6. Be2 Nf6 7. Nc3 g6 8. Bg5
Bg7 9. O-O O-O 10. Qd2 Qb6 11. h3 Re8 12. Be3 Qd8 13. d5 Na7 14. Nd4 b5 15. a3
e6 16. Bg5 exd5 17. exd5 Qb6 18. Rad1 Bb7 19. Bf3 b4 20. axb4 Qxb4 21. Qf4 Nd7
22. Nce2 Ne5 23. Be4 Nb5 24. Nxb5 Qxb5 25. Ng3 f5 26. Bf3 Nxf3+ 27. Qxf3 Rab8
28. b3 Re5 29. Bf4 Rxd5 30. Rxd5 Qxd5 31. Qxd5+ Bxd5 32. Bxd6 Rxb3 33. Rc1 Bb7
34. Rc5 Rb5 35. Rc7 a5 36. Be7 Rb1+ 37. Kh2 f4 38. Ne2 f3 0-1

[Event "Mechanics' Summer TNM; 30/90, SD/30"]
[Site "San Francisco"]
[Date "2013.06.18"]
[Round "4.36"]
[White "Muller, Raymond"]
[Black "Flores, David"]
[Result "1-0"]
[WhiteElo "1374"]
[BlackElo "1654"]
[PlyCount "43"]
[EventDate "2013.??.??"]

1. e4 c5 2. c3 Nf6 3. e5 Nd5 4. d4 e6 5. Nf3 Nc6 6. a3 cxd4 7. cxd4 b5 8. Nc3
Qa5 9. Bd2 Nxc3 10. Bxc3 Qb6 11. b4 Ne7 12. Bd3 Bb7 13. O-O Ng6 14. Nd2 Nh4 15.
Be4 g5 16. g3 Nf5 17. Qf3 Bc6 18. d5 Bb7 19. dxe6 Bxe4 20. exf7+ Kxf7 21. Qxe4
Rc8 22. Qxf5+ 1-0

[Event "Mechanics' Neil Falconer TNM; 30/90, SD"]
[Site "San Francisco"]
[Date "2013.08.20"]
[Round "3.9"]
[White "Muller, Raymond"]
[Black "Grey, Peter"]
[Result "1/2-1/2"]
[WhiteElo "1402"]
[BlackElo "2000"]
[PlyCount "81"]
[EventDate "2013.??.??"]

1. e4 c5 2. c3 Nf6 3. e5 Nd5 4. d4 cxd4 5. Nf3 Nc6 6. cxd4 d6 7. Bc4 e6 8. exd6
Bxd6 9. O-O O-O 10. Nc3 Nxc3 11. bxc3 Qc7 12. Bd3 f5 13. h3 Kh8 14. Re1 e5 15.
dxe5 Nxe5 16. Bb2 Bd7 17. c4 Rae8 18. Nxe5 Bxe5 19. Bxe5 Rxe5 20. Rxe5 Qxe5 21.
Qe1 Re8 22. Qxe5 Rxe5 23. Rb1 b6 24. Kf1 Kg8 25. Re1 Rxe1+ 26. Kxe1 Kf7 27. Kd2
Ke6 28. f4 Kd6 29. Kc3 Kc5 30. Be2 Be6 31. a3 a6 32. g3 Bd7 33. g4 h6 34. gxf5
Bxf5 35. Bg4 Be4 36. Bc8 a5 37. h4 Bf3 38. Bf5 Be2 39. Be6 Bf3 40. Bf5 Bc6 41.
Bg4 1/2-1/2

[Event "Mechanics' Neil Falconer TNM; 30/90, SD"]
[Site "San Francisco"]
[Date "2013.09.24"]
[Round "8.17"]
[White "Muller, Raymond"]
[Black "Newey, Richard"]
[Result "0-1"]
[WhiteElo "1402"]
[BlackElo "1842"]
[Annotator "Donaldson"]
[PlyCount "70"]
[EventDate "2013.??.??"]

1. e4 c5 2. c3 Nc6 (2... Nf6) (2... d5) (2... e6 3. d4 d5) (2... e5) 3. Nf3 (3.
d4 cxd4 4. cxd4 d5 5. exd5 Qxd5 6. Nf3 Bg4 7. Nc3 Bxf3 8. gxf3 Qxd4 9. Qxd4
Nxd4 10. Nb5 e5) 3... e5 4. d4 cxd4 5. cxd4 Bb4+ 6. Bd2 exd4 7. Bxb4 Nxb4 8.
Nxd4 Qf6 $2 (8... Nf6 $11) 9. Nc3 $4 (9. Nb5 Qxb2 10. N1a3) 9... Qxd4 10. Nb5
Qxe4+ 11. Be2 Nc2+ $2 (11... Qxg2 12. Rf1 Qxh2 $19 13. Nd6+ Kf8 $19) 12. Kf1
Kd8 (12... Kf8 13. Bd3 (13. Rc1 Nb4 14. Qd6+ Qe7) 13... Ne3+ 14. fxe3 Qxe3) 13.
Bd3 (13. Rc1 Nb4 14. Qd6) 13... Ne3+ 14. fxe3 Qxe3 15. Qe2 Qc5 16. Re1 Nf6 17.
Qe5 Qxe5 18. Rxe5 d5 $1 19. Nc3 Be6 20. Bf5 Kd7 21. Kf2 g6 22. Bh3 Bxh3 23.
gxh3 Rhe8 24. Rhe1 Rxe5 25. Rxe5 Re8 26. Rg5 d4 27. Nd5 Ne4+ 28. Kf1 Nxg5 29.
Nf6+ Ke7 30. Nxe8 Kxe8 31. Ke2 Ke7 32. Kd3 Ne6 33. a4 Kd6 34. b4 Kd5 35. h4
Nf4+ 0-1

[Event "Mechanics' Summer TNM; 30/90, SD/30"]
[Site "San Francisco"]
[Date "2013.06.11"]
[Round "3.32"]
[White "Muller, Raymond"]
[Black "Olson, David"]
[Result "0-1"]
[WhiteElo "1374"]
[BlackElo "1519"]
[PlyCount "90"]
[EventDate "2013.??.??"]

1. e4 c5 2. c3 Nf6 3. e5 Nd5 4. d4 e6 5. Nf3 b6 6. Bc4 Bb7 7. O-O Be7 8. Qb3
O-O 9. dxc5 Bxc5 10. Qc2 h6 11. Bd3 Nc6 12. Be4 f5 13. exf6 Nxf6 14. b4 Be7 15.
b5 Nxe4 16. Qxe4 Na5 17. Qe2 Rc8 18. Nd4 Qc7 19. Bf4 $4 Qxf4 20. Nxe6 dxe6 21.
Qxe6+ Qf7 22. Re1 Qxe6 23. Rxe6 Bc5 24. Nd2 Bxf2+ 25. Kh1 Nc4 26. Nxc4 Rxc4 27.
Re7 Rxc3 28. Rxb7 Re3 29. Rxa7 Rfe8 30. g3 Re1+ 31. Rxe1 Rxe1+ 32. Kg2 Bc5 33.
Ra8+ Kf7 34. a4 Bb4 35. Ra6 Ba5 36. Ra7+ Kf6 37. Rc7 Re4 38. Rc6+ Kf5 39. Rc7
g5 40. Rc6 Rxa4 41. Rxh6 Rb4 42. Rh5 Rxb5 43. h4 Kg4 44. Rxg5+ Rxg5 45. hxg5
Kxg5 0-1

[Event "Mechanics' Summer TNM; 30/90, SD/30"]
[Site "San Francisco"]
[Date "2013.07.16"]
[Round "8.25"]
[White "Muller, Raymond"]
[Black "Sepulveda, Ben"]
[Result "0-1"]
[WhiteElo "1374"]
[BlackElo "1640"]
[PlyCount "48"]
[EventDate "2013.??.??"]

1. e4 e6 2. d4 d5 3. exd5 exd5 4. c4 Nf6 5. Nc3 c6 6. Bg5 Nbd7 7. cxd5 cxd5 8.
Nf3 Be7 9. Bb5 a6 10. Ba4 b5 11. Bb3 b4 12. Na4 Bb7 13. O-O O-O 14. a3 a5 15.
Ne5 h6 16. Bf4 Re8 17. Ng4 Nxg4 18. Qxg4 Nf6 19. Qf3 Ne4 20. Be5 Nd2 21. Qg3 f6
22. Bf4 Nxb3 23. Bxh6 Bf8 24. Rae1 Nxd4 0-1

[Event "Mechanics' Fall TNM; 30/90, SD/30"]
[Site "San Francisco"]
[Date "2013.10.29"]
[Round "2.13"]
[White "Muller, Raymond"]
[Black "Tsodikova, Natalya"]
[Result "0-1"]
[WhiteElo "1624"]
[BlackElo "2234"]
[PlyCount "86"]
[EventDate "2013.??.??"]

1. e4 c5 2. c3 g6 3. d4 cxd4 4. cxd4 d5 5. exd5 Nf6 6. Nc3 Bg7 7. Nf3 O-O 8.
Bc4 Nbd7 9. O-O Nb6 10. Bb3 Nbxd5 11. Re1 Nxc3 12. bxc3 Qc7 13. Qd2 e6 14. Ba3
Rd8 15. Rac1 a5 16. Qe2 b6 17. Qc4 Qxc4 18. Bxc4 Bb7 19. Ne5 Nd5 20. Bb5 Bh6
21. Rc2 Rac8 22. c4 Rc7 23. Nc6 Rxc6 24. Bxc6 Bxc6 25. cxd5 Bxd5 26. Bc1 Bg7
27. Be3 b5 28. Rec1 a4 29. Rc8 Rf8 30. Rxf8+ Kxf8 31. Rc8+ Ke7 32. a3 b4 33.
axb4 a3 34. Rc1 e5 35. Ra1 a2 36. Bc1 exd4 37. Bb2 Kd7 38. Kf1 Kc6 39. Ke1 Kb5
40. Kd1 Kxb4 41. Kc2 d3+ 42. Kc1 d2+ 43. Kxd2 Bxb2 0-1

[Event "Mechanics' Fall TNM; 30/90, SD/30"]
[Site "San Francisco"]
[Date "2013.10.29"]
[Round "2.13"]
[White "Muller, Raymond"]
[Black "Tsodikova, Natalya"]
[Result "0-1"]
[WhiteElo "1624"]
[BlackElo "2234"]
[PlyCount "64"]
[EventDate "2013.??.??"]

1. e4 c5 2. c3 g6 3. d4 cxd4 4. cxd4 d5 5. exd5 Nf6 6. Nc3 Bg7 7. Nf3 O-O 8.
Bc4 Nbd7 9. O-O Nb6 10. Bb3 Nbxd5 11. Re1 Nxc3 12. bxc3 Qc7 13. Qd2 e6 14. Ba3
Rd8 15. Rac1 a5 16. Qe2 b6 17. Qc4 Qxc4 18. Bxc4 Bb7 19. Ne5 Nd5 20. Bb5 Bh6
21. Rc2 Rac8 22. c4 Rc7 23. Nc6 Rxc6 24. Bxc6 Bxc6 25. cxd5 Bxd5 26. Bc1 Bg7
27. Be3 b5 28. Rec1 a4 29. Rc8 Rf8 30. Rxf8+ Kxf8 31. Rc8+ Ke7 32. a3 Bc4 0-1

[Event "Mechanics' Winter TNM; 30/90, SD/30"]
[Site "San Francisco"]
[Date "2013.01.29"]
[Round "4.16"]
[White "Murugappan, Ganesh"]
[Black "Delmonico, Nils"]
[Result "1/2-1/2"]
[WhiteElo "1660"]
[BlackElo "1922"]
[PlyCount "104"]
[EventDate "2013.??.??"]

1. e4 e6 2. d4 d5 3. Nc3 Nf6 4. e5 Nfd7 5. f4 c5 6. Be3 Nc6 7. Nf3 Be7 8. Qd2
O-O 9. Be2 a6 10. O-O b5 11. a3 Qc7 12. Qe1 f6 13. exf6 Bxf6 14. Rd1 cxd4 15.
Bxd4 Nxd4 16. Nxd4 Qb6 17. Qf2 Be7 18. f5 Bc5 19. b4 Bxd4 20. Qxd4 Qxd4+ 21.
Rxd4 Nf6 22. Bf3 Bd7 23. fxe6 Bxe6 24. Nxd5 Nxd5 25. Bxd5 Rxf1+ 26. Kxf1 Bxd5
27. Rxd5 Rc8 28. Rd6 Rxc2 29. Rxa6 Ra2 30. Ra5 Kf7 31. Rxb5 Rxa3 32. Ke2 Ra2+
33. Kf3 Rb2 34. Rb6 Ke7 35. h3 h5 36. g3 Rb3+ 37. Kf4 h4 38. gxh4 Rxh3 39. Kg4
Rb3 40. Kg5 Rg3+ 41. Kf5 Rf3+ 42. Kg4 Rb3 43. h5 Rb1 44. Kf5 Rf1+ 45. Kg6 Rg1+
46. Kh7 Rg5 47. h6 gxh6 48. Kxh6 Rg1 49. b5 Kd7 50. Rc6 Rb1 51. Rc5 Kd6 52.
Rc6+ Kd7 1/2-1/2

[Event "Mechanics' Winter TNM; 30/90, SD/30"]
[Site "San Francisco"]
[Date "2013.02.26"]
[Round "8.26"]
[White "Murugappan, Ganesh"]
[Black "Jones, Clarence"]
[Result "0-1"]
[WhiteElo "1660"]
[BlackElo "1546"]
[PlyCount "96"]
[EventDate "2013.??.??"]

1. e4 c6 2. d4 d5 3. Nc3 dxe4 4. Nxe4 Nd7 5. Nf3 Ngf6 6. Bd3 Nxe4 7. Bxe4 Nf6
8. Bd3 Bg4 9. Be2 e6 10. Bg5 Be7 11. O-O O-O 12. c3 Qc7 13. h3 Bh5 14. Ne5 Bxe2
15. Qxe2 Rfe8 16. Qf3 c5 17. Be3 Rad8 18. Ng4 cxd4 19. Bxd4 Nxg4 20. Qxg4 e5
21. Be3 Bf6 22. Qa4 b6 23. Rad1 Qb7 24. Rfe1 a6 25. Re2 b5 26. Qb3 Rxd1+ 27.
Qxd1 Rd8 28. Rd2 Rxd2 29. Qxd2 h6 30. Qd6 a5 31. Bc5 a4 32. Ba3 Kh7 33. Qb4 Qd5
34. b3 axb3 35. Qxb3 Qd3 36. Bb4 e4 37. Qb2 Qd1+ 38. Kh2 Be5+ 39. g3 Qf3 40.
Qd2 h5 41. h4 f5 42. Qe3 Bxg3+ 43. Kg1 Qxe3 44. fxe3 Bxh4 45. c4 bxc4 46. Bc3
Be7 47. a4 Bc5 48. Kf2 h4 0-1

[Event "Mechanics' Winter TNM; 30/90, SD/30"]
[Site "San Francisco"]
[Date "2013.01.08"]
[Round "1.8"]
[White "Murugappan, Ganesh"]
[Black "Kokesh, Tim"]
[Result "0-1"]
[WhiteElo "1660"]
[BlackElo "2118"]
[PlyCount "114"]
[EventDate "2013.??.??"]

1. e4 c5 2. Nf3 d6 3. Nc3 Nc6 4. d4 cxd4 5. Nxd4 g6 6. Be3 Bg7 7. Bc4 Nf6 8.
O-O O-O 9. h3 Nxe4 10. Nxe4 d5 11. Nxc6 bxc6 12. Bd3 dxe4 13. Bxe4 Qc7 14. Qf3
Rb8 15. Bxc6 Rxb2 16. Be4 Qa5 17. a3 Rb5 18. c4 Rb3 19. Ra2 f5 20. Qd1 Rxe3 21.
Bd5+ e6 22. fxe3 exd5 23. Qxd5+ Qxd5 24. cxd5 Rd8 25. Rd1 Kf7 26. Rc2 Be5 27.
Kf2 Ke7 28. Rc4 Bd7 29. Rb1 Rb8 30. Rxb8 Bxb8 31. Kf3 Bd6 32. Rc3 a5 33. e4 Kf6
34. exf5 Bxf5 35. Rc6 Ke5 36. Ra6 Be4+ 37. Kf2 Bc5+ 38. Kg3 Bxa3 39. Rxa5 Bb4
40. Ra1 Bxd5 41. Rb1 Bd6 42. Kf2 Kf4 43. g3+ Ke4 44. Re1+ Kf5 45. Re8 Be5 46.
Rf8+ Ke4 47. Re8 Kf5 48. Rf8+ Kg5 49. Re8 Bd4+ 50. Kf1 h5 51. Rd8 Bc4+ 52. Kg2
Be5 53. Rd7 Bb5 54. Rf7 Bc6+ 55. Rf3 Bxf3+ 56. Kxf3 Kf5 57. h4 Bd4 0-1

[Event "Mechanics' Winter TNM; 30/90, SD/30"]
[Site "San Francisco"]
[Date "2013.02.12"]
[Round "6.22"]
[White "Murugappan, Ganesh"]
[Black "Uzzaman, Ashik"]
[Result "0-1"]
[WhiteElo "1660"]
[BlackElo "1972"]
[Annotator "Donaldson"]
[PlyCount "62"]
[EventDate "2013.??.??"]

1. e4 c5 2. Nf3 g6 3. d4 cxd4 4. Nxd4 Bg7 5. Be3 Nc6 6. Nc3 Nf6 7. f3 O-O 8.
Bc4 e6 $2 (8... Qb6) (8... d6) 9. Ndb5 d5 10. exd5 exd5 11. Nxd5 Nxd5 12. Qxd5
Qxd5 13. Bxd5 Nb4 14. Bb3 Bxb2 15. Rb1 Be5 16. Bxf7+ Rxf7 17. Rxb4 Bf5 18. f4
Bg7 19. c3 a6 20. Nd4 Re8 21. Kd2 Be4 22. Rg1 Rc7 23. Ne2 Bd5 24. Rc1 Bxg2 (
24... Rce7) 25. Nd4 Bd5 26. a4 Bf8 27. Rb6 Bc5 28. Rbb1 Ba3 29. Rg1 Rec8 30. f5
Be4 31. fxg6 $4 (31. Rb3) 31... Bxb1 0-1

[Event "Mechanics' Winter TNM; 30/90, SD/30"]
[Site "San Francisco"]
[Date "2013.02.12"]
[Round "6.3"]
[White "Nagarajan, Pranav"]
[Black "Andries, Craig"]
[Result "1/2-1/2"]
[WhiteElo "2036"]
[BlackElo "1942"]
[PlyCount "70"]
[EventDate "2013.??.??"]

1. d4 Nf6 2. c4 g6 3. Nc3 Bg7 4. e4 d6 5. Nge2 O-O 6. Ng3 c6 7. Be2 e5 8. d5 h5
9. Bg5 Qb6 10. Qd2 c5 11. O-O-O Nbd7 12. Bh6 Qd8 13. Bxg7 Kxg7 14. Qg5 Kh7 15.
Nf1 Ng8 16. Qe3 Qf6 17. g3 a6 18. Nd2 Qg7 19. f4 Qh6 20. Rhf1 Ndf6 21. Qg1 Nd7
22. f5 g5 23. g4 h4 24. Nf3 f6 25. Kb1 Rf7 26. Rf2 Nf8 27. Rg2 Bd7 28. Qf2 Kh8
29. Rdg1 Nh7 30. a3 Rb8 31. Qf1 Be8 32. Kc2 b6 33. Bd3 Rfb7 34. a4 Bd7 35. b3
Ne7 1/2-1/2

[Event "Mechanics' Winter TNM; 30/90, SD/30"]
[Site "San Francisco"]
[Date "2013.02.05"]
[Round "5.6"]
[White "Nagarajan, Pranav"]
[Black "Hua, Arnold"]
[Result "1-0"]
[WhiteElo "2036"]
[BlackElo "2005"]
[PlyCount "73"]
[EventDate "2013.??.??"]

1. d4 d5 2. c4 dxc4 3. e4 Nf6 4. e5 Nd5 5. Bxc4 Nb6 6. Bb3 Nc6 7. Nf3 Bf5 8. e6
fxe6 9. Be3 Qd6 10. Nc3 Nd5 11. Nh4 Nf6 12. d5 Nd8 13. h3 h6 14. O-O c6 15.
Nxf5 exf5 16. Qf3 g6 17. dxc6 bxc6 18. Nb5 Qe5 19. Nxa7 Qc7 20. Nb5 Qe5 21. Nd4
Rc8 22. Ba4 Ne4 23. Rac1 Qf6 24. Nb5 Kf7 25. Bb3+ Kg7 26. Nc3 Nd6 27. Na4 e5
28. Nb6 Rc7 29. Nd5 Qf7 30. Nxc7 Qxc7 31. Ba4 Ne4 32. Qe2 c5 33. b4 Qa7 34. Qb5
Nd6 35. Bxc5 Qa8 36. Qd7+ N6f7 37. Bb3 1-0

[Event "Mechanics' Winter TNM; 30/90, SD/30"]
[Site "San Francisco"]
[Date "2013.01.15"]
[Round "2.16"]
[White "Nagarajan, Pranav"]
[Black "Somerville, Kenneth"]
[Result "1-0"]
[WhiteElo "2036"]
[BlackElo "1685"]
[PlyCount "45"]
[EventDate "2013.??.??"]

1. d4 d5 2. c4 c6 3. Nc3 Nf6 4. e3 e6 5. Nf3 Bd6 6. Qc2 Nbd7 7. g4 e5 8. g5 Nh5
9. cxd5 c5 10. Ne4 Qe7 11. dxc5 Nxc5 12. Nxc5 Bxc5 13. Bb5+ Kf8 14. Bd2 e4 15.
Rc1 exf3 16. Qxc5 g6 17. Bb4 Qxc5 18. Bxc5+ Kg7 19. Bd4+ f6 20. Rc7+ Kf8 21.
gxf6 Bf5 22. Bc5+ Kg8 23. f7+ 1-0

[Event "Mechanics' Summer TNM; 30/90, SD/30"]
[Site "San Francisco"]
[Date "2013.06.25"]
[Round "5.18"]
[White "Nelson, Christopher"]
[Black "Abraham, Renjish"]
[Result "0-1"]
[WhiteElo "1676"]
[BlackElo "1878"]
[PlyCount "102"]
[EventDate "2013.??.??"]

1. e4 c5 2. Nf3 d6 3. c3 Nf6 4. Bd3 g6 5. Bc2 Bg7 6. O-O O-O 7. d3 b5 8. Nbd2
Bb7 9. Re1 a5 10. Rb1 Nc6 11. Nf1 Nd7 12. h3 b4 13. d4 cxd4 14. cxd4 Qc7 15. b3
Rac8 16. Ne3 Na7 17. Bd3 e6 18. Bb2 Nf6 19. e5 dxe5 20. dxe5 Nd5 21. Nxd5 Bxd5
22. Qe2 Nc6 23. Rbc1 Qb6 24. Be4 Rfd8 25. Bxd5 Rxd5 26. Qe3 Qxe3 27. fxe3 Ne7
28. Rxc8+ Nxc8 29. Rc1 Nb6 30. Bd4 Rb5 31. e4 Nd7 32. Rc8+ Bf8 33. Rc7 Nc5 34.
Ng5 h6 35. Nxf7 Nxe4 36. Nd8 Bc5 37. Nxe6 Bxd4+ 38. Nxd4 Rxe5 39. Nc6 Rc5 40.
Ne7+ Kf7 41. Rxc5 Nxc5 42. Nd5 Nd3 43. Nb6 Nc1 44. Nc4 Nxa2 45. Nxa5 Ke6 46.
Kf2 Kd5 47. Ke3 Nc3 48. Kd3 Ne4 49. Nc4 Nc5+ 50. Kc2 Kd4 51. Kd2 Nxb3+ 0-1

[Event "Mechanics' Winter TNM; 30/90, SD/30"]
[Site "San Francisco"]
[Date "2013.01.29"]
[Round "4.14"]
[White "Nelson, Christopher"]
[Black "Andries, Craig"]
[Result "0-1"]
[WhiteElo "1513"]
[BlackElo "1942"]
[PlyCount "90"]
[EventDate "2013.??.??"]

1. e4 d6 2. d4 g6 3. Nc3 Bg7 4. f4 c6 5. Nf3 d5 6. e5 h5 7. Be2 Nh6 8. a4 a5 9.
b3 Na6 10. Qd2 Qb6 11. Nd1 Bg4 12. Ne3 Nf5 13. Nxf5 Bxf5 14. Bd3 Bg4 15. Be2
Nb4 16. c3 Na6 17. Rb1 e6 18. h3 Bf5 19. Bd3 Bxd3 20. Qxd3 Bf8 21. h4 Be7 22.
O-O Rc8 23. Kh1 c5 24. Be3 Qc6 25. Qb5 Qxb5 26. axb5 Nb8 27. c4 dxc4 28. bxc4
cxd4 29. Bxd4 Rxc4 30. Rfc1 Rxc1+ 31. Rxc1 Kd7 32. Bb6 Rc8 33. Rxc8 Kxc8 34.
Bxa5 Nd7 35. g3 Nc5 36. Bb4 Kd7 37. Bxc5 Bxc5 38. Ng5 Ke8 39. Ne4 Be7 40. Kg2
Kd7 41. Kf3 Kc7 42. Ke3 Kb6 43. Kd3 Kxb5 44. Nd6+ Bxd6 45. exd6 Kc6 0-1

[Event "Mechanics' Summer TNM; 30/90, SD/30"]
[Site "San Francisco"]
[Date "2013.06.04"]
[Round "2.30"]
[White "Nelson, Christopher"]
[Black "Frank, Robert"]
[Result "1-0"]
[WhiteElo "1676"]
[BlackElo "1343"]
[PlyCount "77"]
[EventDate "2013.??.??"]

1. e4 e5 2. Nc3 Nf6 3. g3 d5 4. exd5 Nxd5 5. Bg2 c6 6. Nf3 Nxc3 7. bxc3 Bd6 8.
d3 O-O 9. O-O Bg4 10. h3 Bh5 11. g4 Bg6 12. d4 f5 13. dxe5 fxg4 14. exd6 gxf3
15. Bxf3 Qf6 16. Bg4 Bf5 17. Be3 Nd7 18. Bd4 Qxd6 19. Bxf5 Rxf5 20. Qg4 Rf7 21.
Rad1 Qc7 22. Rd3 c5 23. Be3 Ne5 24. Bf4 Nxg4 25. Bxc7 Rxc7 26. hxg4 Rf8 27. f4
Rcf7 28. f5 h6 29. c4 h5 30. gxh5 Rxf5 31. Rxf5 Rxf5 32. Rd5 Rxd5 33. cxd5 Kf7
34. Kf2 c4 35. Ke3 b5 36. Kd4 Kf6 37. Kc5 Ke7 38. Kc6 a6 39. Kc7 1-0